[Event "Denizli op"]
[Site "Denizli"]
[Date "2025.07.13"]
[Round "9"]
[White "Moosavifar, Seyed Abolfazl"]
[Black "Buyuk, Eymen Eren"]
[Result "1-0"]
[WhiteElo "2303"]
[BlackElo "2131"]
[PlyCount "57"]
[EventDate "2025.07.07"]
[EventType "swiss"]
[EventRounds "9"]
[EventCountry "TUR"]
[SourceTitle "CB29_2025"]
[SourceDate "2025.07.16"]
[SourceVersion "1"]
[SourceVersionDate "2025.07.16"]
[SourceQuality "1"]

1. e4 e6 2. d4 d5 3. Nd2 Nf6 4. e5 Nfd7 5. f4 c5 6. c3 Nc6 7. Ndf3 Be7 8. h4 cxd4 9. cxd4 Qb6 10. a3 0-0 11. b4 f6 12. Bd3 Nxd4 13. Nxd4 fxe5 14. Nde2 exf4 15. Nf3 e5 16. Bc2 Nf6 17. Nxe5 Ng4 18. Nxg4 Bxg4 19. Qxd5+ Kh8 20. Qe4 Bf5 21. Qxe7 Rae8 22. Qc5 Qg6 23. 0-0 b6 24. Bxf5 Rxf5 25. Qf2 f3 26. Nf4 Qd6 27. g3 Re2 28. Qxf3 Qd4+ 29. Kh1 1-0

[Event "Denizli op"]
[Site "Denizli"]
[Date "2025.07.11"]
[Round "7"]
[White "Moosavifar, Seyed Abolfazl"]
[Black "Rostami, Hossein"]
[Result "1-0"]
[WhiteElo "2303"]
[BlackElo "2148"]
[PlyCount "93"]
[EventDate "2025.07.07"]
[EventType "swiss"]
[EventRounds "9"]
[EventCountry "TUR"]
[SourceTitle "CB29_2025"]
[SourceDate "2025.07.16"]
[SourceVersion "1"]
[SourceVersionDate "2025.07.16"]
[SourceQuality "1"]

1. e4 e5 2. Nf3 Nc6 3. Bc4 Nf6 4. d3 h6 5. a4 d6 6. 0-0 g5 7. a5 a6 8. Nc3 Bg7 9. Nd5 Nxd5 10. Bxd5 Qf6 11. Nd2 Ne7 12. Bb3 Be6 13. Ba4+ c6 14. Nc4 Rd8 15. b3 0-0 16. Ba3 d5 17. Nxe5 dxe4 18. d4 Rfe8 19. c3 Nd5 20. Rc1 Nf4 21. Nc4 h5 22. Ne3 Qg6 23. Kh1 Nd3 24. Rc2 f5 25. Nc4 Bf7 26. f3 Nf4 27. fxe4 Rxe4 28. Nd2 Re3 29. Nc4 Rd3 30. Qc1 Qe6 31. Re1 Qd5 32. Nb6 Qe4 33. Rxe4 fxe4 34. g3 Nh3 35. Kg2 g4 36. Re2 Bg6 37. Nc4 Kh7 38. Qe1 Ng5 39. Re3 Nf3 40. Qe2 h4 41. Rxe4 h3+ 42. Kf2 Rxc3 43. Bb4 Nxd4 44. Qxg4 Rc2+ 45. Nd2 c5 46. Qh4+ Bh6 47. Qe7+ 1-0

[Event "Denizli op"]
[Site "Denizli"]
[Date "2025.07.10"]
[Round "5"]
[White "Moosavifar, Seyed Abolfazl"]
[Black "Demirbas, Emre"]
[Result "1-0"]
[WhiteElo "2303"]
[BlackElo "2161"]
[PlyCount "71"]
[EventDate "2025.07.07"]
[EventType "swiss"]
[EventRounds "9"]
[EventCountry "TUR"]
[SourceTitle "CB29_2025"]
[SourceDate "2025.07.16"]
[SourceVersion "1"]
[SourceVersionDate "2025.07.16"]
[SourceQuality "1"]

1. e4 c5 2. Nf3 e6 3. d4 cxd4 4. Nxd4 Nf6 5. Nc3 Nc6 6. Nxc6 bxc6 7. e5 Nd5 8. Ne4 Qc7 9. f4 Qb6 10. c4 Bb4+ 11. Ke2 f5 12. Nf2 Ne7 13. Nd3 Bc5 14. Nxc5 Qxc5 15. b3 g5 16. Qd6 Qxd6 17. exd6 Ng6 18. fxg5 e5 19. h4 Kf7 20. Kf2 a5 21. h5 Nf8 22. g4 f4 23. Bb2 Rg8 24. g6+ hxg6 25. Bxe5 a4 26. h6 Nh7 27. Bd3 Bb7 28. Bxf4 Rgf8 29. Kg3 Rae8 30. Rae1 Nf6 31. Bg5 axb3 32. axb3 c5 33. Rxe8 Rxe8 34. Rf1 Re6 35. h7 Kg7 36. Rxf6 1-0

[Event "Denizli op"]
[Site "Denizli"]
[Date "2025.07.07"]
[Round "1"]
[White "Moosavifar, Seyed Abolfazl"]
[Black "Kavri, Yusuf Eren"]
[Result "0-1"]
[WhiteElo "2303"]
[BlackElo "2142"]
[PlyCount "110"]
[EventDate "2025.07.07"]
[EventType "swiss"]
[EventRounds "9"]
[EventCountry "TUR"]
[SourceTitle "CB29_2025"]
[SourceDate "2025.07.16"]
[SourceVersion "1"]
[SourceVersionDate "2025.07.16"]
[SourceQuality "1"]

1. e4 c5 2. Nf3 d6 3. d4 cxd4 4. Nxd4 Nf6 5. Nc3 Nc6 6. Bc4 Qb6 7. Nb3 e6 8. Be3 Qc7 9. f4 a6 10. a4 b6 11. Bd3 Bb7 12. 0-0 Be7 13. Qf3 Nb4 14. Nd4 h5 15. h3 Nd7 16. Rad1 Nc5 17. Qg3 Bf6 18. Ndb5 axb5 19. Nxb5 Qe7 20. Nxd6+ Kf8 21. Bxc5 bxc5 22. e5 Bh4 23. Qe3 Nxd3 24. Rxd3 c4 25. Rd2 Rh6 26. Qc3 Bd5 27. f5 Qa7+ 28. Kh1 Bg5 29. Rd4 Kg8 30. Nxc4 Rc8 31. b3 Qb7 32. Qg3 Be7 33. Rfd1 Bc5 34. R4d2 Bxc4 35. bxc4 exf5 36. Rd5 Bf8 37. Qf4 Qc6 38. R1d4 Qxa4 39. Rd8 Rxd8 40. Rxd8 Qa1+ 41. Kh2 Re6 42. Rd5 Qc3 43. Qxf5 g6 44. Qd3 Qxd3 45. cxd3 Rxe5 46. Rxe5 Bd6 47. d4 f6 48. c5 Bb8 49. g4 hxg4 50. hxg4 Kf7 51. Kg3 fxe5 52. d5 e4+ 53. d6 g5 54. Kf2 Ba7 55. Ke3 Bxc5+ 0-1

[Event "Titled Tuesday intern op 20th May Late"]
[Site "Chess.com INT"]
[Date "2025.05.20"]
[Round "1"]
[White "Bagheri, Maziar"]
[Black "Moosavifar, Seyed Abolfazl"]
[Result "1-0"]
[WhiteElo "2287"]
[BlackElo "2303"]
[PlyCount "115"]
[EventDate "2025.05.20"]
[EventType "swiss (blitz)"]
[EventRounds "11"]
[EventCountry "USA"]
[SourceTitle "CB22_2025"]
[SourceDate "2025.05.28"]
[SourceVersion "1"]
[SourceVersionDate "2025.05.28"]
[SourceQuality "1"]

1. e4 e5 2. Nf3 Nc6 3. Bb5 Nd4 4. Nxd4 exd4 5. 0-0 a6 6. Bc4 d6 7. c3 dxc3 8. Nxc3 Nf6 9. d4 Be7 10. e5 dxe5 11. dxe5 Qxd1 12. Rxd1 Nd7 13. Nd5 Bd8 14. f4 c6 15. Nc3 b5 16. Be2 Nc5 17. Be3 Be7 18. Bf3 Bb7 19. Rac1 Rc8 20. Rd2 0-0 21. b4 Ne6 22. f5 Bg5 23. Bxg5 Nxg5 24. Rd7 Nxf3+ 25. gxf3 Ba8 26. Ne4 Rcd8 27. Rcd1 Rxd7 28. Rxd7 g6 29. f6 h6 30. Nc5 Re8 31. Re7 Rd8 32. e6 Rf8 33. Ra7 fxe6 34. f7+ Rxf7 35. Rxa8+ Kg7 36. Nxe6+ Kf6 37. Nc5 Kg5 38. Kg2 Re7 39. Kf2 Kh4 40. Rxa6 Rc7 41. Ne6 Rc8 42. Ra7 g5 43. Nd4 h5 44. Ne2 Re8 45. Rh7 Rd8 46. Ng3 Rd2+ 47. Ke3 Rxh2 48. Nxh5 Rxa2 49. Nf6+ Kg3 50. Rh5 Ra3+ 51. Ke4 Rxf3 52. Rxg5+ Kf2 53. Ng4+ Ke2 54. Ne5 Rb3 55. Rg2+ Kd1 56. Nd3 Rc3 57. Ke3 Rc2 58. Rg1# 1-0

[Event "Titled Tuesday intern op 20th May Late"]
[Site "Chess.com INT"]
[Date "2025.05.20"]
[Round "10"]
[White "Moosavifar, Seyed Abolfazl"]
[Black "Jovic, Stanoje"]
[Result "1-0"]
[WhiteElo "2303"]
[BlackElo "2096"]
[PlyCount "65"]
[EventDate "2025.05.20"]
[EventType "swiss (blitz)"]
[EventRounds "11"]
[EventCountry "USA"]
[SourceTitle "CB22_2025"]
[SourceDate "2025.05.28"]
[SourceVersion "1"]
[SourceVersionDate "2025.05.28"]
[SourceQuality "1"]

1. e4 c6 2. Nf3 d5 3. exd5 cxd5 4. d4 Nc6 5. c3 Bg4 6. h3 Bxf3 7. Qxf3 Nf6 8. Bd3 e6 9. 0-0 Be7 10. Qe2 0-0 11. f4 Re8 12. Nd2 a5 13. a4 Rc8 14. Nf3 Qb6 15. Ne5 Bd6 16. Kh1 Rc7 17. f5 exf5 18. Rxf5 Ne4 19. Bxe4 dxe4 20. Nc4 Qa6 21. Rb5 Bf8 22. b3 Qa8 23. d5 Ne5 24. Bf4 f6 25. Bxe5 fxe5 26. Qxe4 Rf7 27. Rxa5 Qd8 28. Rb5 Rf4 29. Qe2 Qg5 30. d6 Qg3 31. d7 Rd8 32. Nxe5 Bd6 33. Qd3 1-0

[Event "Titled Tuesday intern op 20th May Late"]
[Site "Chess.com INT"]
[Date "2025.05.20"]
[Round "9"]
[White "Shoboev, Dandar"]
[Black "Moosavifar, Seyed Abolfazl"]
[Result "0-1"]
[WhiteElo "2252"]
[BlackElo "2303"]
[PlyCount "88"]
[EventDate "2025.05.20"]
[EventType "swiss (blitz)"]
[EventRounds "11"]
[EventCountry "USA"]
[SourceTitle "CB22_2025"]
[SourceDate "2025.05.28"]
[SourceVersion "1"]
[SourceVersionDate "2025.05.28"]
[SourceQuality "1"]

1. e4 e6 2. d4 d5 3. Bd3 Nf6 4. Nd2 c5 5. dxc5 Bxc5 6. Ngf3 dxe4 7. Nxe4 Nxe4 8. Bxe4 Qxd1+ 9. Kxd1 Bxf2 10. Ke2 Bb6 11. Bg5 f6 12. Bd2 Nc6 13. Rhd1 e5 14. c4 Bg4 15. h3 Be6 16. b3 0-0-0 17. Be3 Bxe3 18. Kxe3 Kc7 19. Rxd8 Nxd8 20. Rd1 g6 21. Ne1 Nf7 22. Nd3 Rd8 23. Rf1 f5 24. Nc5 Bc8 25. Bc2 b6 26. Nd3 Bb7 27. g3 Be4 28. Nb4 Bxc2 29. Nxc2 Ng5 30. h4 Ne4 31. g4 Ng3 32. Re1 f4+ 33. Kf3 Rd3+ 34. Kg2 Rd2+ 35. Kh3 Rxc2 36. Rxe5 Nf1 37. g5 Ne3 38. Re7+ Kd6 39. Rxh7 f3 40. Rf7 f2 41. h5 gxh5 42. g6 f1Q+ 43. Rxf1 Nxf1 44. Kh4 Ke6 0-1

[Event "Titled Tuesday intern op 06th May Early"]
[Site "Chess.com INT"]
[Date "2025.05.06"]
[Round "1"]
[White "Garcia, Jhoel"]
[Black "Moosavifar, Seyed Abolfazl"]
[Result "0-1"]
[WhiteElo "2304"]
[BlackElo "2303"]
[PlyCount "72"]
[EventDate "2025.05.06"]
[EventType "swiss (blitz)"]
[EventRounds "11"]
[EventCountry "USA"]
[SourceTitle "CB20_2025"]
[SourceDate "2025.05.14"]
[SourceVersion "1"]
[SourceVersionDate "2025.05.14"]
[SourceQuality "1"]

1. g3 d5 2. Bg2 c6 3. Nf3 Nf6 4. d3 e6 5. Nbd2 Bd6 6. 0-0 0-0 7. e4 e5 8. Re1 Re8 9. c3 h6 10. Qc2 Be6 11. Nf1 Nbd7 12. Ne3 Qc7 13. Bd2 a5 14. b3 a4 15. b4 dxe4 16. dxe4 c5 17. b5 c4 18. Nf5 Bf8 19. Be3 a3 20. h3 Bc5 21. N3h4 Bxe3 22. Nxe3 Nc5 23. Nef5 Red8 24. g4 Nd3 25. Re3 Nf4 26. Rg3 Rd3 27. g5 hxg5 28. Rxg5 Bxf5 29. Nxf5 g6 30. Ne3 Kg7 31. Kh2 Rh8 32. Rg1 Qd7 33. Rg3 Nxg2 34. R1xg2 Nxe4 35. Rg4 Nf6 36. Rxc4 Qxh3+ 0-1

[Event "Titled Tuesday intern op 06th May Early"]
[Site "Chess.com INT"]
[Date "2025.05.06"]
[Round "8"]
[White "Moosavifar, Seyed Abolfazl"]
[Black "Tari, Aryan"]
[Result "0-1"]
[WhiteElo "2303"]
[BlackElo "2636"]
[PlyCount "64"]
[EventDate "2025.05.06"]
[EventType "swiss (blitz)"]
[EventRounds "11"]
[EventCountry "USA"]
[SourceTitle "CB20_2025"]
[SourceDate "2025.05.14"]
[SourceVersion "1"]
[SourceVersionDate "2025.05.14"]
[SourceQuality "1"]

1. e4 e5 2. Bc4 Nf6 3. d3 Bc5 4. Nc3 c6 5. Nf3 d6 6. Be3 Bb6 7. a4 0-0 8. Ba2 h6 9. h3 Be6 10. Qd2 Bxa2 11. Rxa2 d5 12. exd5 cxd5 13. d4 e4 14. Ne5 Nc6 15. 0-0 Re8 16. f4 exf3 17. Nxc6 bxc6 18. Rxf3 Ne4 19. Nxe4 Rxe4 20. Ra1 Qe7 21. c3 Re8 22. Re1 c5 23. a5 cxd4 24. axb6 dxe3 25. Qxd5 axb6 26. Re2 Rd8 27. Qc6 Rd1+ 28. Kh2 Qe5+ 29. Rg3 Rd6 30. Qc8+ Kh7 31. Qc7 h5 32. Qxf7 h4 0-1

[Event "Titled Tuesday intern op 06th May Early"]
[Site "Chess.com INT"]
[Date "2025.05.06"]
[Round "7"]
[White "Vingris, Mikelis"]
[Black "Moosavifar, Seyed Abolfazl"]
[Result "0-1"]
[WhiteElo "2102"]
[BlackElo "2303"]
[PlyCount "80"]
[EventDate "2025.05.06"]
[EventType "swiss (blitz)"]
[EventRounds "11"]
[EventCountry "USA"]
[SourceTitle "CB20_2025"]
[SourceDate "2025.05.14"]
[SourceVersion "1"]
[SourceVersionDate "2025.05.14"]
[SourceQuality "1"]

1. e4 e6 2. d4 d5 3. Nc3 Bb4 4. e5 c5 5. a3 Ba5 6. h4 Nc6 7. Bb5 cxd4 8. Qxd4 Nge7 9. Bd2 Qb6 10. Qxb6 Bxb6 11. Nf3 Bd7 12. h5 h6 13. 0-0-0 Bxf2 14. g4 a6 15. Bd3 Bg3 16. g5 hxg5 17. Nxg5 Nxe5 18. Be2 f6 19. Nh3 Nf5 20. Rdf1 Bc6 21. Rhg1 d4 22. Rxf5 exf5 23. Rxg3 dxc3 24. Bxc3 Kf7 25. Bxe5 fxe5 26. Bc4+ Kf8 27. Ng5 Bd7 28. Rd3 Ke7 29. Rd5 Rxh5 30. Rxe5+ Kf6 31. Nf3 Rh3 32. Re3 Re8 33. Rd3 Bc6 34. Rd6+ Ke7 35. Re6+ Kd8 36. Ng5 Rh1+ 37. Kd2 Rxe6 38. Nxe6+ Ke7 39. Nxg7 Kf6 40. Bd5 Bxd5 0-1

[Event "Titled Tuesday intern op 14th Jan Early"]
[Site "Chess.com INT"]
[Date "2025.01.14"]
[Round "3"]
[White "Abdurakhmanov, Mukhmmadali"]
[Black "Moosavifar, Seyed Abolfazl"]
[Result "1/2-1/2"]
[WhiteElo "2396"]
[BlackElo "2321"]
[PlyCount "302"]
[EventDate "2025.01.14"]
[EventType "swiss (blitz)"]
[EventRounds "11"]
[EventCountry "USA"]
[SourceTitle "CB04_2025"]
[SourceDate "2025.01.22"]
[SourceVersion "1"]
[SourceVersionDate "2025.01.22"]
[SourceQuality "1"]

1. Nc3 b6 2. e4 c5 3. Nf3 Bb7 4. d4 cxd4 5. Nxd4 e6 6. Bd3 a6 7. 0-0 d6 8. Kh1 Nf6 9. f4 Nbd7 10. Qe2 Qc7 11. Be3 Be7 12. Bg1 b5 13. a3 g6 14. Rae1 e5 15. Nb3 exf4 16. Rxf4 Ne5 17. Ref1 Nh5 18. R4f2 Bh4 19. Rf5 gxf5 20. Qxh5 fxe4 21. Nxe4 Be7 22. Nd4 0-0-0 23. Nf5 Kb8 24. Bd4 Rhg8 25. Bxe5 dxe5 26. Qxf7 Rdf8 27. Qxh7 Bxe4 28. Bxe4 Qc4 29. Re1 Qf7 30. Qxf7 Rxf7 31. Nh6 Bh4 32. g3 Bxg3 33. Rg1 Rh8 34. Rxg3 Rxh6 35. Kg2 Rhf6 36. h4 Rf2+ 37. Kh3 Re2 38. Bd3 Rd2 39. h5 Rf4 40. h6 Rf6 41. h7 Rh6+ 42. Kg4 e4 43. Bxe4 Rd7 44. Kg5 Rhxh7 45. Bxh7 Rxh7 46. Kf5 Rc7 47. c3 Kb7 48. Ke5 Re7+ 49. Kd6 Re2 50. b4 Ra2 51. Kc5 Rxa3 52. Rg7+ Kc8 53. Kb6 Rxc3 54. Rg8+ Kd7 55. Kxa6 Kc7 56. Rg7+ Kb8 57. Rb7+ Ka8 58. Rxb5 Rc6+ 59. Rb6 Rc7 60. Rg6 Rc8 61. b5 Rh8 62. Rg7 Kb8 63. b6 Rf8 64. Rb7+ Ka8 65. Rd7 Kb8 66. Kb5 Ka8 67. Rd4 Kb8 68. Kc6 Rf6+ 69. Kc5 Rf8 70. Kb5 Rg8 71. Re4 Rf8 72. Ra4 Rg8 73. Ra7 Rf8 74. Ka6 Rg8 75. Rc7 Rf8 76. Rc5 Rg8 77. Kb5 Rf8 78. Rd5 Re8 79. Kc6 Rc8+ 80. Kb5 Rf8 81. Rd7 Re8 82. Ka6 Rh8 83. Rc7 Rg8 84. Rh7 Rf8 85. Rb7+ Ka8 86. Rc7 Kb8 87. Rc5 Rg8 88. Kb5 Rf8 89. Kc6 Rc8+ 90. Kb5 Rh8 91. Rd5 Rg8 92. Ka6 Rf8 93. Rd4 Rg8 94. Rc4 Rf8 95. Ka5 Rg8 96. Kb5 Rf8 97. Kc5 Rg8 98. Kd5 Kb7 99. Rb4 Rc8 100. Rb3 Rc6 101. Rf3 Rxb6 102. Rf7+ Ka6 103. Kc5 Rb5+ 104. Kc4 Rh5 105. Rf8 Rh1 106. Kc5 Rc1+ 107. Kd6 Rd1+ 108. Kc6 Rc1+ 109. Kd5 Kb7 110. Rf7+ Kb6 111. Rf4 Kb5 112. Rf2 Rd1+ 113. Ke4 Kc4 114. Rc2+ Kb3 115. Rc8 Rd7 116. Ke5 Kb4 117. Ke6 Rd1 118. Ke5 Kb5 119. Ke4 Kb6 120. Rc3 Kb7 121. Rc2 Re1+ 122. Kd5 Rd1+ 123. Kc5 Rd7 124. Rb2+ Kc8 125. Ra2 Rc7+ 126. Kd6 Rd7+ 127. Kc6 Rc7+ 128. Kb6 Rb7+ 129. Kc6 Rc7+ 130. Kd5 Rd7+ 131. Ke6 Rc7 132. Kd6 Rd7+ 133. Ke5 Rd1 134. Rb2 Kc7 135. Rc2+ Kb6 136. Kf4 Re1 137. Kf3 Re8 138. Kf4 Kb5 139. Kf5 Kb4 140. Rc7 Kb3 141. Kf6 Re1 142. Kf7 Rf1+ 143. Ke6 Re1+ 144. Kd5 Rd1+ 145. Ke4 Re1+ 146. Kd3 Re8 147. Rb7+ Ka4 148. Kc2 Rc8+ 149. Kb2 Ka5 150. Kb3 Ka6 151. Rb4 Ka7 1/2-1/2

[Event "Titled Tuesday intern op 14th Jan Early"]
[Site "Chess.com INT"]
[Date "2025.01.14"]
[Round "9"]
[White "Moosavifar, Seyed Abolfazl"]
[Black "Shirov, Alexei"]
[Result "1-0"]
[WhiteElo "2321"]
[BlackElo "2648"]
[PlyCount "113"]
[EventDate "2025.01.14"]
[EventType "swiss (blitz)"]
[EventRounds "11"]
[EventCountry "USA"]
[SourceTitle "CB04_2025"]
[SourceDate "2025.01.22"]
[SourceVersion "1"]
[SourceVersionDate "2025.01.22"]
[SourceQuality "1"]

1. e4 e5 2. Nc3 Nf6 3. g3 d5 4. exd5 Nxd5 5. Bg2 Nxc3 6. bxc3 Nc6 7. Ne2 Be6 8. 0-0 Bd5 9. d4 Bxg2 10. Kxg2 Qd5+ 11. Kg1 0-0-0 12. Be3 h5 13. Qd3 e4 14. Qd1 h4 15. Nf4 Qf5 16. g4 Qd7 17. h3 g5 18. Ng2 Rg8 19. f4 f5 20. fxg5 fxg4 21. Qxg4 Qxg4 22. hxg4 h3 23. Nh4 Be7 24. Rf5 Bd6 25. Rf7 Rd7 26. Raf1 Rxf7 27. Rxf7 Rh8 28. Nf5 h2+ 29. Kh1 Nd8 30. Rf6 Ba3 31. g6 Kd7 32. g7 Rg8 33. d5 c6 34. c4 cxd5 35. cxd5 Ke8 36. Bd4 Bc1 37. Kxh2 Bg5 38. Rg6 Nf7 39. Kg2 Kd7 40. Rxg5 Nxg5 41. Nh6 Re8 42. g8Q Rxg8 43. Nxg8 Nf3 44. Nf6+ Ke7 45. Bb2 Ne1+ 46. Kf2 Nxc2 47. Nxe4 a5 48. g5 Kf7 49. d6 Nb4 50. Bf6 Ke6 51. g6 Nc6 52. g7 Kf7 53. d7 b5 54. d8Q Nxd8 55. Bxd8 a4 56. Bf6 b4 57. Bb2 1-0

[Event "Qatar Masters op-A"]
[Site "Doha"]
[Date "2024.12.12"]
[Round "9"]
[White "Moosavifar, Seyed Abolfazl"]
[Black "Aradhya, Garg"]
[Result "1/2-1/2"]
[WhiteElo "2308"]
[BlackElo "2365"]
[PlyCount "83"]
[EventDate "2024.12.03"]
[EventType "swiss"]
[EventRounds "9"]
[EventCountry "QAT"]
[SourceTitle "CB51_2024"]
[SourceDate "2024.12.18"]
[SourceVersion "1"]
[SourceVersionDate "2024.12.18"]
[SourceQuality "1"]

1. e4 e5 2. Nf3 Nc6 3. Bc4 Nf6 4. d3 Bc5 5. c3 d6 6. 0-0 h6 7. Re1 a6 8. a4 Ba7 9. b4 0-0 10. h3 Ne7 11. d4 Ng6 12. Nbd2 exd4 13. cxd4 d5 14. exd5 Nxd5 15. Qb3 Nb6 16. Bd3 Nf4 17. Bb1 Nbd5 18. Qc2 g6 19. Ne4 Bf5 20. Bxf4 Nxf4 21. Qd2 g5 22. h4 f6 23. g3 Nd5 24. Nc5 Bxc5 25. dxc5 Bxb1 26. Raxb1 Qd7 27. hxg5 hxg5 28. Nxg5 Rae8 29. Ne4 Re5 30. Rbd1 Rh5 31. f4 Qg4 32. Qe2 Qxe2 33. Rxe2 Nxb4 34. Rd7 Rf7 35. Rxc7 Rxc7 36. Nxf6+ Kf7 37. Nxh5 Rxc5 38. Re4 Nc6 39. g4 b5 40. axb5 axb5 41. Ng3 b4 42. Re3 1/2-1/2

[Event "Qatar Masters op-A"]
[Site "Doha"]
[Date "2024.12.11"]
[Round "8"]
[White "Jaiveer, Mahendru"]
[Black "Moosavifar, Seyed Abolfazl"]
[Result "0-1"]
[WhiteElo "2271"]
[BlackElo "2308"]
[PlyCount "74"]
[EventDate "2024.12.03"]
[EventType "swiss"]
[EventRounds "9"]
[EventCountry "QAT"]
[SourceTitle "CB51_2024"]
[SourceDate "2024.12.18"]
[SourceVersion "1"]
[SourceVersionDate "2024.12.18"]
[SourceQuality "1"]

1. e4 e5 2. Nf3 Nc6 3. Bc4 Bc5 4. c3 Nf6 5. d4 exd4 6. e5 d5 7. Bb5 Ne4 8. cxd4 Bb6 9. Nc3 0-0 10. Be3 f6 11. Qb3 Nxc3 12. bxc3 Na5 13. Qc2 Nc4 14. Bxc4 dxc4 15. exf6 Qxf6 16. Ne5 c5 17. 0-0 cxd4 18. cxd4 Be6 19. Rac1 Rfd8 20. Nxc4 Bxd4 21. Qe4 Qg6 22. Qh4 Bd5 23. Qh3 Be6 24. Qh4 Bd5 25. Qh3 Bf6 26. a3 Qf7 27. Nd2 Bb2 28. Rce1 Be6 29. Qg3 Bxa3 30. Ra1 Bd6 31. Qh4 Be7 32. Qg3 Bf6 33. Ra3 Bf5 34. h3 b5 35. Nf3 b4 36. Ra5 Rd5 37. Ra6 Bd3 0-1

[Event "Qatar Masters op-A"]
[Site "Doha"]
[Date "2024.12.09"]
[Round "6"]
[White "Moosavifar, Seyed Abolfazl"]
[Black "Shyam, Nikil P"]
[Result "0-1"]
[WhiteElo "2308"]
[BlackElo "2445"]
[PlyCount "120"]
[EventDate "2024.12.03"]
[EventType "swiss"]
[EventRounds "9"]
[EventCountry "QAT"]
[SourceTitle "CB51_2024"]
[SourceDate "2024.12.18"]
[SourceVersion "1"]
[SourceVersionDate "2024.12.18"]
[SourceQuality "1"]

1. e4 c5 2. Nf3 e6 3. d4 cxd4 4. Nxd4 a6 5. Bd3 Bc5 6. Nb3 Ba7 7. Qe2 Nc6 8. Be3 Nge7 9. 0-0 d6 10. a4 0-0 11. Nc3 Bxe3 12. Qxe3 b6 13. f4 Nb4 14. f5 Nec6 15. f6 gxf6 16. Rf3 Kh8 17. e5 f5 18. Rh3 f6 19. exd6 Ne5 20. Bf1 Qxd6 21. Rd1 Qc7 22. Qh6 Rf7 23. Qf4 Nbc6 24. Be2 Bb7 25. Nd4 Nxd4 26. Rxd4 Qc5 27. b4 Qc7 28. Rg3 Rc8 29. Qh6 Qe7 30. Qd2 Rff8 31. Nd1 Rfd8 32. c3 Rxd4 33. Qxd4 Rd8 34. Qe3 Qd6 35. Qh6 Qf8 36. Qe3 Rd7 37. Nf2 Rd6 38. Nh3 Ng6 39. Nf4 Nxf4 40. Qxf4 a5 41. h3 Be4 42. Bc4 Qe7 43. Kh2 Rd8 44. Re3 Qd6 45. Qxd6 Rxd6 46. Re2 Rc6 47. Ba2 e5 48. Re3 axb4 49. Rg3 Rc8 50. cxb4 f4 51. Ra3 Rc2 52. Kg1 Rxg2+ 53. Kf1 Rg3 54. Rxg3 fxg3 55. a5 bxa5 56. bxa5 f5 57. Bc4 f4 58. a6 f3 59. a7 Ba8 60. Ke1 e4 0-1

[Event "Qatar Masters op-A"]
[Site "Doha"]
[Date "2024.12.06"]
[Round "4"]
[White "Suyarov, Mukhammadzokhid"]
[Black "Moosavifar, Seyed Abolfazl"]
[Result "1/2-1/2"]
[WhiteElo "2466"]
[BlackElo "2308"]
[PlyCount "132"]
[EventDate "2024.12.03"]
[EventType "swiss"]
[EventRounds "9"]
[EventCountry "QAT"]
[SourceTitle "CB51_2024"]
[SourceDate "2024.12.18"]
[SourceVersion "1"]
[SourceVersionDate "2024.12.18"]
[SourceQuality "1"]

1. e4 e5 2. Nf3 Nc6 3. Bb5 a6 4. Ba4 Nf6 5. 0-0 Nxe4 6. d4 b5 7. Bb3 d5 8. dxe5 Be6 9. c3 Be7 10. Nbd2 Nc5 11. Bc2 d4 12. Nb3 d3 13. Bb1 Nxb3 14. axb3 Bf5 15. b4 0-0 16. h3 Qd7 17. Bf4 Rfd8 18. Re1 a5 19. bxa5 Rxa5 20. Rxa5 Nxa5 21. Nd4 c5 22. e6 fxe6 23. Nxf5 exf5 24. Qxd3 Qxd3 25. Bxd3 Rxd3 26. Rxe7 Nc4 27. b3 Na5 28. Rc7 Rd5 29. Rc8+ Kf7 30. Rb8 c4 31. b4 Nb3 32. Rb7+ Kf6 33. Kh2 h6 34. h4 Nd2 35. Rb6+ Ke7 36. Bxd2 Rxd2 37. Rxb5 Rd3 38. Rxf5 Rxc3 39. Rc5 Kf7 40. g4 Rc2 41. Kg3 c3 42. Rc7+ Kg6 43. f4 Rc1 44. Rc6+ Kh7 45. g5 hxg5 46. hxg5 c2 47. Kg2 g6 48. Rc7+ Kg8 49. b5 Rb1 50. Rxc2 Rxb5 51. Kf3 Rb4 52. Rc7 Kf8 53. Ke3 Ra4 54. Rd7 Rb4 55. Rd4 Rb7 56. Rd6 Kf7 57. Ke4 Ra7 58. Ke5 Re7+ 59. Kd5 Ra7 60. Rc6 Rd7+ 61. Rd6 Ra7 62. Rf6+ Kg7 63. Ke4 Ra4+ 64. Kf3 Ra3+ 65. Kg4 Ra7 66. Rc6 Ra3 1/2-1/2

[Event "Qatar Masters op-A"]
[Site "Doha"]
[Date "2024.12.04"]
[Round "2"]
[White "Bukreev, Stanislav"]
[Black "Moosavifar, Seyed Abolfazl"]
[Result "0-1"]
[WhiteElo "2384"]
[BlackElo "2308"]
[PlyCount "58"]
[EventDate "2024.12.03"]
[EventType "swiss"]
[EventRounds "9"]
[EventCountry "QAT"]
[SourceTitle "CB51_2024"]
[SourceDate "2024.12.18"]
[SourceVersion "1"]
[SourceVersionDate "2024.12.18"]
[SourceQuality "1"]

1. d4 Nf6 2. c4 e6 3. Nf3 d5 4. Nc3 Bb4 5. Qb3 c5 6. dxc5 Nc6 7. Bg5 h6 8. Bxf6 Qxf6 9. cxd5 exd5 10. e3 0-0 11. Bb5 d4 12. Bxc6 dxc3 13. Qxb4 cxb2 14. Rb1 bxc6 15. Qxb2 Qf5 16. Rc1 Ba6 17. Qa3 Bb5 18. Nd4 Qg6 19. g3 Bd3 20. f3 Rad8 21. Kf2 Rfe8 22. Rhd1 Rxd4 23. exd4 Re2+ 24. Kf1 Bb5 25. Kg1 Qh5 26. h4 Qg6 27. g4 Qf6 28. Re1 Qxd4+ 29. Kh1 Qf2 0-1

[Event "Qatar Masters op-A"]
[Site "Doha"]
[Date "2024.12.03"]
[Round "1"]
[White "Moosavifar, Seyed Abolfazl"]
[Black "Ayush, Sharma"]
[Result "0-1"]
[WhiteElo "2308"]
[BlackElo "2466"]
[PlyCount "84"]
[EventDate "2024.12.03"]
[EventType "swiss"]
[EventRounds "9"]
[EventCountry "QAT"]
[SourceTitle "CB51_2024"]
[SourceDate "2024.12.18"]
[SourceVersion "1"]
[SourceVersionDate "2024.12.18"]
[SourceQuality "1"]

1. e4 c5 2. Nf3 d6 3. d4 cxd4 4. Nxd4 Nf6 5. Nc3 a6 6. h3 e6 7. g4 h6 8. Bg2 Nc6 9. Be3 Be7 10. Qd2 Nxd4 11. Bxd4 b5 12. a4 b4 13. Ne2 e5 14. Be3 a5 15. f4 0-0 16. Ng3 Qc7 17. 0-0 Rd8 18. Kh1 d5 19. Qf2 d4 20. Bd2 Be6 21. g5 hxg5 22. fxg5 Nh7 23. Nf5 Ra6 24. Nxe7+ Qxe7 25. Qg3 Qc7 26. Rf2 Rc6 27. Rc1 Nf8 28. Bf1 Ng6 29. Bd3 b3 30. c3 Bc4 31. Bxc4 Rxc4 32. Rcf1 dxc3 33. Bxc3 Rd7 34. Qg4 Qc6 35. Re1 Nf4 36. Kh2 Rd3 37. Bxe5 Rxh3+ 38. Kg1 Rxe4 39. Rxe4 Qxe4 40. Qc8+ Kh7 41. Rxf4 Rh1+ 42. Kf2 Rh2+ 0-1

[Event "Titled Tuesday intern op 26th Nov Late"]
[Site "Chess.com INT"]
[Date "2024.11.26"]
[Round "2"]
[White "Kacharava, Nikoloz"]
[Black "Moosavifar, Seyed Abolfazl"]
[Result "1-0"]
[WhiteElo "2525"]
[BlackElo "2308"]
[PlyCount "35"]
[EventDate "2024.11.26"]
[EventType "swiss (blitz)"]
[EventRounds "11"]
[EventCountry "USA"]
[SourceTitle "CB49_2024"]
[SourceDate "2024.12.04"]
[SourceVersion "1"]
[SourceVersionDate "2024.12.04"]
[SourceQuality "1"]

1. e4 c5 2. Nf3 d6 3. d4 cxd4 4. Qxd4 Nc6 5. Bb5 Bd7 6. Bxc6 Bxc6 7. Nc3 Nf6 8. Bg5 e5 9. Qd3 h6 10. Bxf6 Qxf6 11. 0-0-0 Qd8 12. Nb5 Qa5 13. Nxd6+ Bxd6 14. Qxd6 Qxa2 15. Nxe5 Qa1+ 16. Kd2 Qxb2 17. Rb1 Qa2 18. Nxc6 1-0